| 000 | 00542nam a2200217Ia 4500 | ||
|---|---|---|---|
| 008 | 200601s9999 xx 000 0 und d | ||
| 020 | _a0-470-04076-9 | ||
| 050 | _aREF DU 95 | ||
| 050 | _b.L54 2007 | ||
| 100 | _aLlewellyn, Marc. | ||
| 245 | 0 | _aAustralia 2007 / | |
| 245 | 0 | _cMarc Llewellyn & Lee Mylne. | |
| 260 | _aNew Jersey : | ||
| 260 | _bWiley Publishing, | ||
| 260 | _c2007 | ||
| 300 | _a658 pages : | ||
| 300 | _billustrations ; | ||
| 300 | _c20 cm. | ||
| 500 | _aIncludes index. | ||
| 650 | _aAustralia -- Guidebooks. | ||
| 999 |
_c363316 _d363316 |
||